[Event "Sunway Sitges Open 2016"]
[Site "Sitges ESP"]
[Date "2016.12.16"]
[Round "1.18"]
[White "Del Rio De Angelis, Salvador G."]
[Black "Chalmeta Ugas, Ramon"]
[Result "1-0"]
[WhiteTitle "GM"]
[BlackTitle "FM"]
[WhiteElo "2530"]
[BlackElo "2213"]
[WhiteFideId "2203138"]
[BlackFideId "2256339"]
[EventDate "2016.12.16"]

1. d4 Nf6 2. c4 g6 3. Nc3 d5 4. cxd5 Nxd5 5. e4 Nxc3 6. bxc3 Bg7 7. Qa4+ c6 8.
Nf3 O-O 9. Be2 Nd7 10. O-O e5 11. Bg5 Qc7 12. Bh4 Nb6 13. Qa5 exd4 14. cxd4 Bg4
15. Qd2 Rfe8 16. h3 Be6 17. Rac1 Qd7 18. Rfd1 h6 19. Bg3 Kh7 20. Qa5 Qe7 21. Bf1
f5 22. exf5 Bxf5 23. Re1 Qf8 24. Be5 Red8 25. Bxg7 Qxg7 26. Re3 Nd5 27. Re5 Rf8
28. Qa3 Kh8 29. Nh4 Qf6 30. Nxf5 gxf5 31. Rd1 Qg6 32. Qf3 Rf6 33. Bc4 Nb6 34.
Bb3 Rd8 35. Re7 Nd7 36. Qf4 Nf8 37. Re3 Qh5 38. Rg3 Ng6 39. Qc7 Ne7 40. Qxd8+ 1-0

[Event "Sunway Sitges Open 2016"]
[Site "Sitges ESP"]
[Date "2016.12.16"]
[Round "1.19"]
[White "Paramzina, Anastasya"]
[Black "Swapnil, S. Dhopade"]
[Result "1/2-1/2"]
[WhiteTitle "WFM"]
[BlackTitle "GM"]
[WhiteElo "2210"]
[BlackElo "2526"]
[WhiteFideId "4165012"]
[BlackFideId "5019184"]
[EventDate "2016.12.16"]

1. e4 c5 2. Nf3 d6 3. d4 cxd4 4. Nxd4 Nf6 5. Nc3 g6 6. Be3 Bg7 7. f3 O-O 8. Qd2
Nc6 9. g4 Be6 10. Nxe6 fxe6 11. O-O-O Ne5 12. Be2 Qc8 13. h4 Nfd7 14. f4 Nc4 15.
Bxc4 Qxc4 16. e5 Rad8 17. exd6 Nf6 18. Qg2 Rxd6 19. Rxd6 exd6 20. Rd1 d5 21. Kb1
b5 22. Bd4 b4 23. Ne2 Rc8 24. c3 Ne4 25. Bxg7 Kxg7 26. Rd4 Qb5 27. cxb4 Rc4 28.
Qg1 Kg8 29. a3 Rxd4 30. Nxd4 Qd3+ 31. Ka1 Nd2 32. Nxe6 Nb3+ 33. Ka2 Qe4 34. Qd1
Nd2 35. Ka1 Nb3+ 36. Ka2 1/2-1/2

[Event "Sunway Sitges Open 2016"]
[Site "Sitges ESP"]
[Date "2016.12.16"]
[Round "1.20"]
[White "Aroshidze, Levan"]
[Black "Gueci, Tea"]
[Result "1-0"]
[WhiteTitle "GM"]
[BlackTitle "WFM"]
[WhiteElo "2517"]
[BlackElo "2210"]
[WhiteFideId "13601865"]
[BlackFideId "872342"]
[EventDate "2016.12.16"]

1. e4 c6 2. d4 d5 3. e5 Bf5 4. Nf3 e6 5. Be2 Ne7 6. O-O h6 7. Nbd2 Nd7 8. Nb3 g5
9. Bd2 a5 10. a4 Bg7 11. Rc1 O-O 12. h3 b6 13. c4 dxc4 14. Bxc4 Nd5 15. Qe2 Rc8
16. Bd3 Bxd3 17. Qxd3 Qe7 18. Rc4 Rfd8 19. Rfc1 Nb8 20. Qe4 Rc7 21. h4 gxh4 22.
Nxh4 Rdc8 23. Qg4 Kh7 24. g3 Na6 25. Kg2 b5 26. axb5 cxb5 27. Rxc7 Rxc7 28. Rh1
a4 29. Nc1 Nab4 30. Nf3 f5 31. Qh5 f4 32. Ne2 Nd3 33. Rh4 Rc2 34. Rg4 Rxd2 35.
Nxd2 Nxb2 36. Qg6+ Kh8 37. Nxf4 Nxf4+ 38. Rxf4 b4 39. Ne4 a3 40. Rf7 Qxf7 41.
Qxf7 1-0

[Event "Sunway Sitges Open 2016"]
[Site "Sitges ESP"]
[Date "2016.12.16"]
[Round "1.21"]
[White "Deshpande, Aniruddha"]
[Black "Lemos, Damian"]
[Result "0-1"]
[BlackTitle "GM"]
[WhiteElo "2208"]
[BlackElo "2516"]
[WhiteFideId "5021774"]
[BlackFideId "113581"]
[EventDate "2016.12.16"]

1. e4 e5 2. Nf3 Nc6 3. Bb5 a6 4. Ba4 Nf6 5. O-O Be7 6. d3 d6 7. c3 O-O 8. Nbd2
Nd7 9. Re1 Kh8 10. d4 Bf6 11. Nf1 b5 12. Bc2 Nb6 13. Ne3 g6 14. h3 Bg7 15. dxe5
Nxe5 16. Nxe5 Bxe5 17. Ng4 Bg7 18. Bh6 Bxh6 19. Nxh6 Qg5 20. Ng4 h5 21. Qd4+ f6
22. f4 Qxf4 23. Rf1 c5 24. Qd3 Qg5 25. Qe3 Bxg4 26. Qxg5 fxg5 27. hxg4 hxg4 28.
e5 dxe5 29. Bxg6 Kg7 30. Bh5 g3 31. Bf3 Rad8 32. Rfe1 Rfe8 33. Re2 Nd5 34. Bxd5
Rxd5 35. Re3 Red8 36. Rf1 Kg6 37. Rxg3 Rd3 38. Rg4 Re3 39. Kf2 Rdd3 0-1

[Event "Sunway Sitges Open 2016"]
[Site "Sitges ESP"]
[Date "2016.12.16"]
[Round "1.22"]
[White "Petrov, Nikita"]
[Black "Low, Zhen Yu Cyrus"]
[Result "1-0"]
[WhiteTitle "IM"]
[BlackTitle "FM"]
[WhiteElo "2512"]
[BlackElo "2200"]
[WhiteFideId "4101286"]
[BlackFideId "5804175"]
[EventDate "2016.12.16"]

1. Nf3 Nf6 2. d4 g6 3. g3 Bg7 4. Bg2 d5 5. O-O c6 6. Nbd2 O-O 7. c3 Bf5 8. Nh4
Be6 9. f4 Ng4 10. Nb3 f5 11. Nc5 Bc8 12. Nf3 Nf6 13. Ne5 Ne4 14. Nxe4 fxe4 15.
Be3 Nd7 16. Qb3 Qb6 17. c4 Qxb3 18. axb3 Nxe5 19. dxe5 Bg4 20. cxd5 cxd5 21.
Rfc1 Rfc8 22. Rc3 Rxc3 23. bxc3 Bxe2 24. Ra5 Rc8 25. Bd4 e6 26. Bh3 Re8 27. Rxa7
Ba6 28. b4 h6 29. b5 Bxb5 30. Rxb7 Bd3 31. Rc7 g5 32. Rc8 Rxc8 33. Bxe6+ Kf8 34.
Bxc8 gxf4 35. gxf4 Ke8 36. Kf2 Kd8 37. Be6 Bc4 38. f5 h5 39. f6 Bh6 40. Bf5 Bg5
41. e6 e3+ 42. Kf3 1-0

[Event "Sunway Sitges Open 2016"]
[Site "Sitges ESP"]
[Date "2016.12.16"]
[Round "1.23"]
[White "Tifferet, Shaked"]
[Black "Narciso Dublan, Marc"]
[Result "1/2-1/2"]
[WhiteTitle "FM"]
[BlackTitle "GM"]
[WhiteElo "2198"]
[BlackElo "2508"]
[WhiteFideId "2811529"]
[BlackFideId "2201500"]
[EventDate "2016.12.16"]

1. Nf3 d5 2. b3 Bg4 3. e3 Nd7 4. h3 Bh5 5. Bb2 e6 6. d3 c6 7. Nbd2 Qc7 8. g4 Bg6
9. Nh4 O-O-O 10. Qe2 e5 11. O-O-O Qa5 12. Kb1 Ba3 13. Ba1 Ne7 14. f4 f6 15. Nxg6
Nxg6 16. Qf2 Bd6 17. f5 Ne7 18. Bg2 Bb4 19. d4 Bc3 20. Bxc3 Qxc3 21. e4 Qxd4 22.
Qxd4 exd4 23. exd5 Ne5 24. dxc6 bxc6 25. Nf3 Nd5 26. Nxe5 fxe5 27. Rde1 Rhe8 28.
Be4 Kd7 29. Rh2 Nc3+ 30. Kb2 c5 31. Rf2 c4 32. f6 Nxe4 33. Rxe4 c3+ 34. Ka3 gxf6
35. Rxf6 Re6 36. Rf7+ Kc6 37. Rxa7 Ree8 38. Ra5 Ra8 39. Rxe5 Rxa5+ 40. Rxa5 Re2
41. b4 Rxc2 42. Kb3 Rb2+ 43. Kc4 Rd2 44. Kb3 Kd6 45. Rc5 Rb2+ 46. Kc4 Rd2 1/2-1/2

[Event "Sunway Sitges Open 2016"]
[Site "Sitges ESP"]
[Date "2016.12.16"]
[Round "1.25"]
[White "Garcia Martin, Marta"]
[Black "Liang, Awonder"]
[Result "0-1"]
[WhiteTitle "WFM"]
[BlackTitle "IM"]
[WhiteElo "2184"]
[BlackElo "2495"]
[WhiteFideId "32084030"]
[BlackFideId "2056437"]
[EventDate "2016.12.16"]

1. e4 c5 2. Nf3 d6 3. d4 cxd4 4. Nxd4 Nf6 5. Nc3 a6 6. h3 e5 7. Nde2 h5 8. Bg5
Be6 9. Bxf6 Qxf6 10. Nd5 Qd8 11. Nec3 Nd7 12. Bc4 Rc8 13. Bb3 g6 14. O-O Bh6 15.
Ne3 Nc5 16. Nc4 Rc6 17. Qe2 b5 18. Ne3 O-O 19. Bd5 Rc8 20. a3 Qg5 21. Kh1 Qh4
22. Rad1 Bxh3 23. gxh3 Qxh3+ 24. Kg1 Bf4 25. f3 Qg3+ 26. Kh1 Qh4+ 27. Kg1 Qg5+
28. Ng2 Qg3 29. Rfe1 Ne6 30. Qf2 Qh2+ 31. Kf1 Bg3 32. Qg1 Qh3 33. Bxe6 fxe6 34.
Re3 d5 35. exd5 exd5 36. Rdd3 0-1

[Event "Sunway Sitges Open 2016"]
[Site "Sitges ESP"]
[Date "2016.12.16"]
[Round "1.26"]
[White "Krysa, Leandro"]
[Black "Goormachtigh, Johan"]
[Result "1-0"]
[WhiteTitle "IM"]
[BlackTitle "FM"]
[WhiteElo "2491"]
[BlackElo "2183"]
[WhiteFideId "116807"]
[BlackFideId "200280"]
[EventDate "2016.12.16"]

1. d4 Nf6 2. c4 g6 3. Nf3 Bg7 4. g3 O-O 5. Bg2 d5 6. O-O dxc4 7. Na3 Nc6 8. Nxc4
Be6 9. b3 Bd5 10. Bb2 a5 11. a4 Qc8 12. e3 h6 13. Qe2 Qe6 14. Rfd1 Rfb8 15. Nfd2
Bxg2 16. Kxg2 Rd8 17. Nb1 Nb4 18. Nc3 c5 19. dxc5 Qc6+ 20. e4 Qxc5 21. Nb5 Nc6
22. Rac1 Rxd1 23. Rxd1 Ne8 24. h3 Nb4 1-0

[Event "Sunway Sitges Open 2016"]
[Site "Sitges ESP"]
[Date "2016.12.16"]
[Round "1.28"]
[White "Santos Ruiz, Miguel"]
[Black "Garcia Gil, Javier"]
[Result "1-0"]
[WhiteTitle "IM"]
[WhiteElo "2484"]
[BlackElo "2170"]
[WhiteFideId "22291482"]
[BlackFideId "2216744"]
[EventDate "2016.12.16"]

1. Nf3 Nf6 2. d4 g6 3. Nbd2 Bg7 4. e4 d6 5. Bd3 O-O 6. O-O Nc6 7. d5 Nb4 8. Be2
a5 9. c4 Nh5 10. Nb1 e5 11. Ne1 Nf4 12. Bf3 f5 13. Nc3 g5 14. exf5 Bxf5 15. Be4
Qf6 16. f3 Bd7 17. g3 Nh3+ 18. Kg2 Kh8 19. Nd3 Nxd3 20. Qxd3 g4 21. Bd2 gxf3+
22. Rxf3 Qe7 23. Raf1 Bg4 24. Rxf8+ Rxf8 25. Rxf8+ Qxf8 26. Qf1 Qxf1+ 27. Kxf1
Bd7 28. Nb5 Bxb5 29. cxb5 Bf6 30. Bxa5 Ng5 31. Bg2 b6 32. Bc3 Kg7 33. Ke2 e4 34.
Ke3 Bxc3 35. bxc3 Kf6 36. h4 Nf7 37. Bxe4 h6 38. Kf4 Ne5 39. g4 Nd7 40. g5+ Kg7
41. Kf5 hxg5 42. hxg5 Kf7 43. Bf3 Ke7 44. Bh5 Nc5 45. Kg6 1-0

[Event "Sunway Sitges Open 2016"]
[Site "Sitges ESP"]
[Date "2016.12.16"]
[Round "1.29"]
[White "Llaneza Vega, Patricia"]
[Black "Cifuentes Parada, Roberto"]
[Result "1-0"]
[WhiteTitle "WIM"]
[BlackTitle "GM"]
[WhiteElo "2167"]
[BlackElo "2478"]
[WhiteFideId "2212676"]
[BlackFideId "2253488"]
[EventDate "2016.12.16"]

1. e4 d6 2. d4 Nf6 3. Nc3 e5 4. Nf3 Nbd7 5. Bc4 Be7 6. O-O O-O 7. Re1 a6 8. a4
b6 9. b3 c6 10. Bb2 Bb7 11. Bd3 Re8 12. Ne2 d5 13. Ng3 dxe4 14. Nxe4 exd4 15.
Nxd4 Nxe4 16. Bxe4 Bf6 17. Qf3 Qc7 18. Bc3 Nc5 19. Bf5 Rad8 20. a5 b5 21. h3 b4
22. Bb2 h6 23. Qg4 Rxe1+ 24. Rxe1 Bc8 25. Bxc8 Qxc8 26. Nf5 h5 27. Ne7+ Kf8 28.
Qxh5 1-0

[Event "Sunway Sitges Open 2016"]
[Site "Sitges ESP"]
[Date "2016.12.16"]
[Round "1.31"]
[White "Vanheirzeele, Daniel"]
[Black "Satyapragyan, Swayangsu"]
[Result "0-1"]
[BlackTitle "IM"]
[WhiteElo "2161"]
[BlackElo "2462"]
[WhiteFideId "200425"]
[BlackFideId "5004306"]
[EventDate "2016.12.16"]

1. d4 Nf6 2. c4 e6 3. g3 c5 4. Nf3 cxd4 5. Nxd4 d5 6. Bg2 e5 7. Nf3 d4 8. O-O
Nc6 9. e3 Be7 10. exd4 exd4 11. Bf4 O-O 12. Ne5 Qb6 13. Qb3 Na5 14. Qb5 Be6 15.
b3 Qxb5 16. cxb5 a6 17. bxa6 Rxa6 18. Nd2 Nh5 19. Nd3 Nc6 20. Bf3 Bf5 21. Ne4
Nxf4 22. Nxf4 Ba3 23. Nd3 Ra5 24. Rfe1 Nb4 25. Nxb4 Bxb4 26. Red1 Ba3 27. Rab1
Rd8 28. b4 Re5 29. Nc5 Bxb1 0-1

[Event "Sunway Sitges Open 2016"]
[Site "Sitges ESP"]
[Date "2016.12.16"]
[Round "1.33"]
[White "Fernandez Soriano, Ruben"]
[Black "Anurag, Mhamal"]
[Result "0-1"]
[BlackTitle "IM"]
[WhiteElo "2146"]
[BlackElo "2423"]
[WhiteFideId "2292890"]
[BlackFideId "5024366"]
[EventDate "2016.12.16"]

1. d4 Nf6 2. Bg5 e6 3. e4 h6 4. Bxf6 Qxf6 5. c3 d6 6. Bd3 h5 7. Ne2 h4 8. h3 e5
9. Nd2 Qg5 10. Qa4+ c6 11. Rg1 g6 12. Nf3 Qf6 13. Nh2 Bh6 14. Qb3 O-O 15. Ng4
Bxg4 16. hxg4 b6 17. Rd1 Qg5 18. g3 Nd7 19. gxh4 Qxh4 20. g5 Bxg5 21. Ng3 Nf6
22. dxe5 dxe5 23. Qc2 Rad8 24. Qe2 Rd6 25. Qf3 Rfd8 26. Ke2 Qf4 27. Qxf4 exf4
28. Nf5 f3+ 29. Ke1 Rxd3 30. Rxd3 Rxd3 31. Rxg5 Nxe4 32. Ne7+ Kf8 33. Re5 Nc5
34. b4 Na4 35. Nxc6 Nxc3 36. Kf1 Nxa2 37. Nxa7 Nxb4 38. Nc8 Rd1+ 39. Re1 Rxe1+
40. Kxe1 Nd3+ 41. Kd2 Nxf2 42. Ke3 Ng4+ 43. Kxf3 Ne5+ 44. Ke4 Nd7 0-1

[Event "Sunway Sitges Open 2016"]
[Site "Sitges ESP"]
[Date "2016.12.16"]
[Round "1.34"]
[White "Lauber, Arnd"]
[Black "Sapale, Saloni"]
[Result "1-0"]
[WhiteTitle "IM"]
[BlackTitle "WCM"]
[WhiteElo "2421"]
[BlackElo "2141"]
[WhiteFideId "4632630"]
[BlackFideId "5085527"]
[EventDate "2016.12.16"]

1. d4 d5 2. c4 c6 3. Nf3 Nf6 4. Nc3 dxc4 5. a4 Bf5 6. Ne5 Nbd7 7. Nxc4 Nb6 8.
Ne5 a5 9. f3 Nfd7 10. e4 Nxe5 11. exf5 Ned7 12. d5 g6 13. dxc6 bxc6 14. Qd4 Rg8
15. Qe4 Qc8 16. fxg6 Rxg6 17. Qc2 Qc7 18. Bd3 Qe5+ 19. Kf1 Re6 20. Bd2 Qc5 21.
Rc1 Nf6 22. Ne4 Qxc2 23. Rxc2 Nxa4 24. Nxf6+ Rxf6 25. Be4 Ra6 26. b3 Nb6 27.
Bxc6+ Kd8 28. Kf2 Bg7 29. Bb5 Nd5 30. Rhc1 e5 31. Bg5 1-0

[Event "Sunway Sitges Open 2016"]
[Site "Sitges ESP"]
[Date "2016.12.16"]
[Round "1.35"]
[White "Monnisha, G K"]
[Black "Sundararajan, Kidambi"]
[Result "1/2-1/2"]
[WhiteTitle "WIM"]
[BlackTitle "GM"]
[WhiteElo "2140"]
[BlackElo "2420"]
[WhiteFideId "5009936"]
[BlackFideId "5005370"]
[EventDate "2016.12.16"]

1. e4 e6 2. d4 d5 3. Nc3 Nf6 4. Bg5 dxe4 5. Nxe4 Be7 6. Bxf6 gxf6 7. Nf3 Nd7 8.
Qd2 c6 9. O-O-O Qc7 10. Kb1 b6 11. Bd3 Bb7 12. Qe2 O-O-O 13. Ba6 Rhg8 14. g3
Bxa6 15. Qxa6+ Qb7 16. Qxb7+ Kxb7 17. Rhe1 b5 18. c3 Nb6 19. Kc2 Rd5 20. Re2 Kc7
21. Ne1 f5 22. Nd2 c5 23. dxc5 Bxc5 24. Nb3 Bd6 25. Rd4 Rxd4 26. Nxd4 a6 27. Nd3
Nd7 28. Re1 Nc5 29. b4 Na4 30. Nb2 Nxb2 31. Kxb2 f4 32. a4 bxa4 33. Ra1 Kb6 34.
Rxa4 fxg3 35. hxg3 Rg4 1/2-1/2

[Event "Sunway Sitges Open 2016"]
[Site "Sitges ESP"]
[Date "2016.12.16"]
[Round "1.36"]
[White "Cawdery, Daniel"]
[Black "Llopis de Aysa, Manuel"]
[Result "1/2-1/2"]
[WhiteTitle "IM"]
[BlackTitle "CM"]
[WhiteElo "2419"]
[BlackElo "2135"]
[WhiteFideId "14300249"]
[BlackFideId "2203162"]
[EventDate "2016.12.16"]

1. e4 g6 2. d4 Bg7 3. Nc3 c6 4. Bc4 d6 5. Qf3 e6 6. Nge2 Nd7 7. Bf4 Qe7 8. O-O-O
e5 9. Be3 Ngf6 10. Bb3 O-O 11. h3 b5 12. g4 a5 13. g5 Nh5 14. a4 b4 15. Nb1 exd4
16. Nxd4 Ne5 17. Qg2 1/2-1/2

[Event "Sunway Sitges Open 2016"]
[Site "Sitges ESP"]
[Date "2016.12.17"]
[Round "2.18"]
[White "Kholopov, Alexander A."]
[Black "Petrov, Nikita"]
[Result "1/2-1/2"]
[WhiteTitle "FM"]
[BlackTitle "IM"]
[WhiteElo "2307"]
[BlackElo "2512"]
[WhiteFideId "4148100"]
[BlackFideId "4101286"]
[EventDate "2016.12.16"]

1. Nf3 c5 2. c4 Nc6 3. Nc3 g6 4. e3 Bg7 5. d4 cxd4 6. exd4 d6 7. Be2 Bg4 8. Be3
Nh6 9. d5 Bxf3 10. Bxf3 Ne5 11. Be2 Nf5 12. Bd2 O-O 13. O-O Qb6 14. b3 a6 15.
Rc1 Qd4 16. Re1 Rfe8 17. Bf1 Bh6 18. Bxh6 Qxd1 19. Rexd1 Nxh6 20. f4 Nd7 21. g3
Ng4 22. Be2 h5 23. h3 Ngf6 24. Kf2 Rec8 25. g4 hxg4 26. hxg4 g5 27. fxg5 Nh7 28.
Ne4 Nc5 29. Nxc5 Rxc5 30. b4 Rc7 31. c5 dxc5 32. Rxc5 Rd7 33. d6 exd6 34. Rcd5
Re8 35. Bd3 Rde7 1/2-1/2

[Event "Sunway Sitges Open 2016"]
[Site "Sitges ESP"]
[Date "2016.12.17"]
[Round "2.19"]
[White "Silva, Luis Neves Da"]
[Black "Dobrov, Vladimir"]
[Result "0-1"]
[WhiteTitle "FM"]
[BlackTitle "GM"]
[WhiteElo "2307"]
[BlackElo "2499"]
[WhiteFideId "1919121"]
[BlackFideId "4136594"]
[EventDate "2016.12.16"]

1. e4 c5 2. Nf3 e6 3. b3 a6 4. Bb2 Nc6 5. c4 Nge7 6. d4 cxd4 7. Nxd4 Ng6 8. Nxc6
bxc6 9. g3 Qa5+ 10. Qd2 Qxd2+ 11. Nxd2 e5 12. h4 h5 13. Bh3 f6 14. O-O-O Bc5 15.
Rh2 Ke7 16. Nb1 d6 17. Bxc8 Raxc8 18. Nc3 Rhd8 19. Na4 Ba7 20. Kb1 Nf8 21. f3
Ne6 22. Rhd2 g5 23. hxg5 fxg5 24. Rh2 Rh8 25. c5 Nxc5 26. Nxc5 Bxc5 27. Rdh1
Rcg8 28. f4 gxf4 29. gxf4 Rg1+ 30. Rxg1 Bxg1 31. Rc2 h4 32. fxe5 d5 33. Rg2 Be3
34. exd5 cxd5 35. Rh2 h3 36. Kc2 Bf4 37. Rh1 h2 38. Kd3 Rh3+ 39. Kd4 Ke6 40. Kc5
Bxe5 41. Bxe5 Kxe5 42. b4 d4 43. a4 d3 44. b5 axb5 45. axb5 d2 46. b6 Rc3+ 47.
Kb5 Kd6 48. b7 Kc7 49. Rxh2 d1=Q 50. Rh7+ Kb8 0-1

[Event "Sunway Sitges Open 2016"]
[Site "Sitges ESP"]
[Date "2016.12.17"]
[Round "2.20"]
[White "Liang, Awonder"]
[Black "Santarius, Erik F"]
[Result "1-0"]
[WhiteTitle "IM"]
[WhiteElo "2495"]
[BlackElo "2312"]
[WhiteFideId "2056437"]
[BlackFideId "2025817"]
[EventDate "2016.12.16"]

1. e4 c6 2. d4 d5 3. e5 c5 4. dxc5 e6 5. a3 Bxc5 6. Qg4 Ne7 7. b4 h5 8. Qxg7 Rg8
9. Qh7 Bd4 10. Ra2 Bxe5 11. Qxh5 Nd7 12. Bb5 Bd4 13. Bxd7+ Bxd7 14. Bg5 Qc7 15.
Ne2 Nf5 16. Nxd4 Nxd4 17. O-O Qc4 18. c3 Qxa2 19. cxd4 Qc2 20. h4 Qe4 21. Nd2
Qxd4 22. Re1 Rc8 23. Nb3 Qg7 24. Nc5 Qg6 25. Qf3 b6 26. Nb7 Kf8 27. Nd6 Rc6 28.
h5 Qh7 29. Qf6 Rxd6 30. Qe7+ Kg7 31. Qf6+ Kf8 32. Qe7+ Kg7 33. h6+ Kg6 34. Qf6+
Kh5 35. Bf4 e5 36. Rxe5+ Kg4 37. f3# 1-0

[Event "Sunway Sitges Open 2016"]
[Site "Sitges ESP"]
[Date "2016.12.17"]
[Round "2.21"]
[White "Lopez Mulet, Inigo"]
[Black "Krysa, Leandro"]
[Result "0-1"]
[WhiteTitle "FM"]
[BlackTitle "IM"]
[WhiteElo "2304"]
[BlackElo "2491"]
[WhiteFideId "22235620"]
[BlackFideId "116807"]
[EventDate "2016.12.16"]

1. d4 Nf6 2. c4 g6 3. g3 c6 4. Bg2 d5 5. Nf3 Bg7 6. Nc3 dxc4 7. a4 O-O 8. O-O
Na6 9. e3 c5 10. d5 e6 11. d6 Ne8 12. Nb5 Nb4 13. Nd2 Nxd6 14. Nxd6 Qxd6 15.
Nxc4 Qa6 16. Qe2 Rd8 17. Ra3 Bd7 18. Re1 Bc6 19. Bxc6 Nxc6 20. Bd2 Rd7 21. Bc3
Rad8 22. h4 h5 23. Raa1 Bxc3 24. bxc3 Rd3 25. Nb2 Rxc3 26. Qxa6 bxa6 27. Rac1
Rxc1 28. Rxc1 Rd2 29. Rxc5 Nb4 30. Nc4 Rc2 31. Rc8+ Kg7 32. Nd6 Rxc8 33. Nxc8
Kf6 34. Nd6 Nd3 35. Kf1 Nb2 36. a5 Ke7 37. Ne4 Nc4 38. Ke2 Nxa5 39. Kd3 Nb7 40.
Kc3 a5 41. Kb3 f5 42. Nc3 Nc5+ 43. Kc4 Ne4 44. Nd1 Kd6 45. Kb5 Kd5 46. f3 Nxg3
47. Nc3+ Ke5 48. Kxa5 f4 49. Nd1 Nf5 0-1

[Event "Sunway Sitges Open 2016"]
[Site "Sitges ESP"]
[Date "2016.12.17"]
[Round "2.22"]
[White "Longa Yauca, Javier"]
[Black "Santos Ruiz, Miguel"]
[Result "0-1"]
[BlackTitle "IM"]
[WhiteElo "2294"]
[BlackElo "2484"]
[WhiteFideId "3800806"]
[BlackFideId "22291482"]
[EventDate "2016.12.16"]

1. d4 Nf6 2. c4 e6 3. Nf3 d5 4. Nc3 Nbd7 5. Bg5 c6 6. e3 h6 7. Bh4 g5 8. Bg3 Nh5
9. cxd5 Nxg3 10. hxg3 exd5 11. Qc2 Bg7 12. O-O-O Nb6 13. Bd3 Qe7 14. e4 dxe4 15.
Bxe4 Be6 16. Rhe1 g4 17. Ne5 O-O-O 18. Nxf7 Qxf7 19. Bg6 Qf8 20. Rxe6 Bxd4 21.
Nb5 0-1

[Event "Sunway Sitges Open 2016"]
[Site "Sitges ESP"]
[Date "2016.12.17"]
[Round "2.23"]
[White "Pajeken, Wolfgang"]
[Black "Romanishin, Oleg M"]
[Result "1/2-1/2"]
[WhiteTitle "FM"]
[BlackTitle "GM"]
[WhiteElo "2287"]
[BlackElo "2463"]
[WhiteFideId "4622170"]
[BlackFideId "14100088"]
[EventDate "2016.12.16"]

1. d4 Nf6 2. c4 e6 3. Nc3 Bb4 4. Qc2 c5 5. dxc5 Bxc5 6. Nf3 Nc6 7. Bf4 O-O 8. e3
d5 9. Be2 Nb4 10. Qb1 dxc4 11. Bxc4 Nc6 12. Be5 Ng4 13. Bg3 1/2-1/2

[Event "Sunway Sitges Open 2016"]
[Site "Sitges ESP"]
[Date "2016.12.17"]
[Round "2.24"]
[White "Satyapragyan, Swayangsu"]
[Black "Saravanan, V."]
[Result "1/2-1/2"]
[WhiteTitle "IM"]
[BlackTitle "IM"]
[WhiteElo "2462"]
[BlackElo "2306"]
[WhiteFideId "5004306"]
[BlackFideId "5000580"]
[EventDate "2016.12.16"]

1. e4 e6 2. d4 d5 3. Nd2 Nf6 4. e5 Nfd7 5. Bd3 c5 6. c3 Nc6 7. Ne2 cxd4 8. cxd4
f6 9. exf6 Nxf6 10. Nf3 Bd6 11. O-O Qc7 12. h3 O-O 13. Be3 Bd7 14. Rc1 Rae8 15.
a3 Re7 16. Ne5 Qb8 17. f4 Bc7 18. Kh1 Bb6 19. Nf3 Be8 20. Qe1 Qd8 21. Ng3 Bf7
22. b4 a6 23. Ne5 Be8 24. Qd2 Rc7 25. Nf3 Ne7 26. Rce1 h6 27. Bf2 Bd7 28. Ne5
Nf5 29. Nxf5 exf5 30. Qa2 Bc8 31. Bc2 Ne4 32. Bxe4 fxe4 33. Qd2 Qf6 34. Be3 Be6
35. f5 Bxf5 36. g4 Qh4 37. gxf5 Qxh3+ 38. Qh2 Qxh2+ 39. Kxh2 Rc3 40. Ng6 Rd8 41.
Nf4 Rxa3 42. Ne6 Rd6 43. Bf4 Rc6 44. Rc1 Rxc1 45. Rxc1 Rf3 46. Be5 Rxf5 47. Kg3
g6 48. Nf4 Kf7 49. Rc8 g5 50. Ne2 h5 51. Rb8 Rf3+ 52. Kg2 Ke6 53. Rxb7 Bd8 54.
Rb8 Be7 55. Rb6+ Kf5 56. Rb7 Ke6 57. Rb6+ Kf5 1/2-1/2

[Event "Sunway Sitges Open 2016"]
[Site "Sitges ESP"]
[Date "2016.12.17"]
[Round "2.25"]
[White "Garcia Ramos, Daniel"]
[Black "Minko, Vladimir"]
[Result "0-1"]
[BlackTitle "IM"]
[WhiteElo "2268"]
[BlackElo "2429"]
[WhiteFideId "32010311"]
[BlackFideId "24146706"]
[EventDate "2016.12.16"]

1. e4 c5 2. Nc3 Nc6 3. Nge2 e6 4. d4 cxd4 5. Nxd4 Qc7 6. Be2 a6 7. O-O Nf6 8.
Kh1 Bb4 9. Nxc6 Bxc3 10. bxc3 Qxc6 11. Bf3 Nxe4 12. Qd4 Qxc3 13. Qxc3 Nxc3 14.
Bb2 Nb5 15. c4 Nd6 16. c5 Nf5 17. Be4 f6 18. Bxf5 exf5 19. Rfe1+ Kf7 20. Rad1
Re8 21. Rxe8 Kxe8 22. a4 a5 23. Rd6 Ra6 24. Kg1 Ke7 25. Rxa6 bxa6 26. Bc3 Bb7
27. Bxa5 Bc6 28. Bb4 Bxa4 29. c6+ d6 30. c7 Bd7 31. f4 Bc8 32. Kf2 Kd7 33. Ke3
Kxc7 34. Kd4 Kc6 35. g3 Be6 36. h4 Bf7 37. Ba5 Ba2 38. Bb4 0-1

[Event "Sunway Sitges Open 2016"]
[Site "Sitges ESP"]
[Date "2016.12.17"]
[Round "2.26"]
[White "Anurag, Mhamal"]
[Black "Amato, Andrea"]
[Result "1-0"]
[WhiteTitle "IM"]
[BlackTitle "FM"]
[WhiteElo "2423"]
[BlackElo "2290"]
[WhiteFideId "5024366"]
[BlackFideId "813222"]
[EventDate "2016.12.16"]

1. Nf3 d5 2. g3 Nc6 3. d4 Bg4 4. Bg2 e6 5. c3 Nf6 6. Qb3 a6 7. Bf4 b5 8. Nbd2 h6
9. e4 dxe4 10. Ne5 Na5 11. Qc2 Bf5 12. g4 Bh7 13. Nxe4 Nxe4 14. Bxe4 Bxe4 15.
Qxe4 Qd5 16. Qxd5 exd5 17. O-O Bd6 18. Nd3 Bxf4 19. Nxf4 O-O-O 20. a4 Nb3 21.
Ra3 Nd2 22. Rfa1 Nc4 23. R3a2 bxa4 24. Rxa4 Nxb2 25. Rxa6 Kb7 26. R6a2 Nc4 27.
Nd3 Kc6 28. Ra6+ Kd7 29. Re1 Rb8 30. Nc5+ Kd8 31. Nb7+ Kd7 32. Nc5+ Kd8 33. Ra7
Nd6 34. Re3 Re8 35. Rxe8+ Kxe8 36. Na6 1-0

[Event "Sunway Sitges Open 2016"]
[Site "Sitges ESP"]
[Date "2016.12.17"]
[Round "2.28"]
[White "Konguvel, Ponnuswamy"]
[Black "Esplugas Esteve, Vicenc"]
[Result "0-1"]
[WhiteTitle "IM"]
[WhiteElo "2417"]
[BlackElo "2280"]
[WhiteFideId "5000548"]
[BlackFideId "22200789"]
[EventDate "2016.12.16"]

1. e4 e6 2. d4 d5 3. Nc3 Bb4 4. e5 c5 5. a3 Bxc3+ 6. bxc3 Ne7 7. Qg4 O-O 8. Bd3
f5 9. exf6 Rxf6 10. Bg5 Rf7 11. Qh5 g6 12. Qd1 Nbc6 13. Nf3 Qa5 14. O-O c4 15.
Be2 Qxc3 16. Bd2 Qb2 17. c3 Nf5 18. h4 Nd6 19. Ng5 Rf6 20. h5 h6 21. hxg6 hxg5
22. Bd3 cxd3 23. Qh5 Qxd2 24. Qh7+ Kf8 25. g7+ Ke7 26. g8=Q+ Rf7 27. Qhh8 Rb8
28. Rad1 Qf4 29. Rxd3 Bd7 0-1